00495nam a2200193 a 4500001001300000003000900013005001700022008004100039020000800080082001300088100002200101245002300123260005000146300000900196500003500205505001000240650002900250700002200279nice12345678IN_TiNIC20260116011916.0050524s1965 bana grp 000 0 eng  ac300a270bTIM aTimpany, Clarke L aNation in Training aBangalorebChristian Literature Societyc1965 a144p aincludes index and biblioraphy2 aIndex aChurch-History Bangalore1 aTimpany, Clarke L